|
|
|
|
| LEADER |
00000cam a2200000 4500 |
| 001 |
vtls011909254 |
| 003 |
SK-MaSNL |
| 005 |
20260302023501.0 |
| 008 |
210701s2019 xr ab ar 000 0 cze |
| 015 |
|
|
|a SNBZSA2021/04
|
| 020 |
|
|
|a 9788000055114
|q (viazané)
|
| 035 |
|
|
|a urn:nbn:sk:snk-am00fbht
|
| 035 |
|
|
|a urn:nbn:sk:snk-am3ipvs
|
| 035 |
|
|
|a 1ADFB84D-E247-48D8-9C7A-283A9711AED2
|
| 040 |
|
|
|a SNK
|b slo
|c SNK
|e rda
|
| 041 |
0 |
|
|a cze
|
| 044 |
|
|
|a xr
|c CZ
|
| 072 |
|
7 |
|a 911
|x Všeobecná geografia. Systematická geografia
|2 konspekt
|
| 080 |
|
|
|a 911.375
|2 2011
|
| 080 |
|
|
|a (0.062)
|2 2011
|
| 080 |
|
|
|a (0.053.2)
|2 2011
|
| 080 |
|
|
|a (084.11)
|2 2011
|
| 100 |
1 |
|
|a Sekaninová, Štěpánka
|4 aut
|9 354830
|
| 245 |
1 |
0 |
|a Poznej město z vrabčí perspektivy
|c Štěpánka Sekaninová, Kateřina Hikadová & Maroš Belák
|
| 250 |
|
|
|a První vydání
|
| 264 |
|
1 |
|a Praha
|b B4U Publishing
|b Albatros Media a. s.
|c 2019
|
| 300 |
|
|
|a 17 strán, 1 list
|b farebné ilustrácie
|c 26 cm
|
| 336 |
|
|
|a text
|b txt
|2 rdacontent
|
| 336 |
|
|
|a statický obraz
|b sti
|2 rdacontent
|
| 337 |
|
|
|a bez média
|b n
|2 rdamedia
|
| 338 |
|
|
|a zväzok
|b nc
|2 rdacarrier
|
| 500 |
|
|
|a Názov z obálky
|
| 500 |
|
|
|a List s mapou (48 x 70 cm zložený na 24 x 18 cm) je vlepený na knižnú dosku
|
| 521 |
8 |
|
|a Pre čitateľov od 5 rokov
|
| 650 |
0 |
7 |
|a mestá
|2 SNKPH
|9 2929
|
| 650 |
0 |
7 |
|a Towns
|2 SNKPHeng
|9 270165
|
| 655 |
|
7 |
|a populárno-náučné publikácie
|2 SNKPH
|9 70460
|
| 655 |
|
7 |
|a publikácie pre deti
|2 SNKPH
|9 70148
|
| 655 |
|
7 |
|a Popular works
|2 SNKPHeng
|9 90287
|
| 655 |
|
7 |
|a Publications for children
|2 SNKPHeng
|9 276792
|
| 655 |
|
7 |
|a Pictorial works
|2 SNKPHeng
|9 284468
|
| 655 |
|
7 |
|a obrazové publikácie
|2 SNKPH
|9 70343
|
| 700 |
1 |
|
|a Hikadová, Kateřina,
|d 1989-
|4 aut
|9 176009
|
| 700 |
1 |
|
|a Belák, Maroš,
|d 1983-
|4 aut
|9 670361
|
| 919 |
|
|
|a 978-80-00-05511-4
|
| 958 |
|
|
|a OND
|
| 958 |
|
|
|a ZS
|
| 958 |
|
|
|a DB
|
| 999 |
|
|
|c 1036633
|d 1038563
|
| 952 |
|
|
|a SNK
|b SNK
|y PREZ
|7 0
|p 17A1445407
|o snkSB 96096
|i snk2020/20266
|8 4
|g 6.00
|0 0
|1 0
|4 0
|d 2020-01-07
|f 1
|l 0
|r 2025-05-19 00:00:00
|w 2026-02-24
|